Estatísticas para Os 15 principais países com mortes por Covid19 - 2 dezembro

Clique aqui para jogar o quiz

Estatísticas Gerais

  • Esse quiz foi jogado 5 vezes
  • A pontuação média é 16 de 21

Estatísticas das Respostas

país% Correto
Argentina
100%
Brasil
100%
Colômbia
100%
Espanha
100%
Estados Unidos
100%
França
100%
Índia
100%
Itália
100%
México
100%
Peru
100%
Rússia
100%
Chile
75%
Equador
75%
Irão
75%
Reino Unido
75%
Bélgica
50%
Polônia
50%
África do Sul
25%
Chéquia
25%
Bósnia e Herzegovina
0%
Macedónia do Norte
0%

Distribuição das Pontuações

Percentil de Números Respondidos

Porcentagem de Pessoas com Cada Pontuação

Sua Pontuação Histórica

Você não jogou esse quiz